[Event "Jaffna op"]
[Site "Jaffna"]
[Date "2023.12.12"]
[Round "10"]
[White "Liyanage, Ranindu Dilshan"]
[Black "Sathsindu, WM Minura"]
[Result "1-0"]
[WhiteElo "2400"]
[BlackElo "1542"]
[PlyCount "89"]
[EventDate "2023.12.08"]
[EventType "swiss"]
[EventRounds "10"]
[EventCountry "SRI"]
[SourceTitle "CB51_2023"]
[SourceDate "2023.12.20"]
[SourceVersion "1"]
[SourceVersionDate "2023.12.20"]
[SourceQuality "1"]

1. c4 c5 2. Nf3 Nc6 3. e3 Nf6 4. d4 cxd4 5. exd4 d5 6. Nc3 e6 7. cxd5 Nxd5 8. Bd3 Be7 9. 0-0 Bf6 10. Bb1 0-0 11. Ne4 Be7 12. Ne5 f5 13. Nxc6 bxc6 14. Nd2 c5 15. Nf3 cxd4 16. Nxd4 Bf6 17. Re1 Nc7 18. Nb3 Bb7 19. Qxd8 Rfxd8 20. Nc5 Bd5 21. Bc2 Kf7 22. Bf4 Rac8 23. Ba4 Nb5 24. Nxe6 Bxe6 25. Bxb5 Bxb2 26. Rab1 Bd4 27. Re2 Bc4 28. Bxc4+ Rxc4 29. Rb7+ Kg6 30. g3 Ra4 31. h4 h6 32. Kg2 Bf6 33. Be3 Re8 34. Rd2 a6 35. Rb6 Ree4 36. Bc5 Kh7 37. a3 a5 38. Ra6 Re5 39. Bb4 Rb5 40. Rd7 Kg8 41. h5 Bb2 42. Ra8+ Kh7 43. Rdd8 g6 44. Rd7+ Bg7 45. Bc3 1-0

[Event "Jaffna op"]
[Site "Jaffna"]
[Date "2023.12.11"]
[Round "8"]
[White "Jyothilal, Narayanan"]
[Black "Sathsindu, WM Minura"]
[Result "1/2-1/2"]
[WhiteElo "2055"]
[BlackElo "1542"]
[PlyCount "132"]
[EventDate "2023.12.08"]
[EventType "swiss"]
[EventRounds "10"]
[EventCountry "SRI"]
[SourceTitle "CB51_2023"]
[SourceDate "2023.12.20"]
[SourceVersion "1"]
[SourceVersionDate "2023.12.20"]
[SourceQuality "1"]

1. d4 Nf6 2. c4 e6 3. g3 d5 4. Bg2 b6 5. Nf3 Bb7 6. cxd5 exd5 7. 0-0 Bd6 8. Nc3 a6 9. Ne5 Nbd7 10. Nc4 Be7 11. Ne3 c6 12. Nf5 0-0 13. Bf4 Re8 14. a4 Nf8 15. Qb3 Ne6 16. Bd2 Bf8 17. e3 Rb8 18. Nh4 c5 19. Nf3 Ne4 20. Rad1 g6 21. Bc1 Bg7 22. Qc2 cxd4 23. Nxd4 Nxd4 24. exd4 Rc8 25. Qb3 Nxc3 26. bxc3 Bf8 27. Rfe1 Rxe1+ 28. Rxe1 Qd7 29. Bd2 b5 30. Rb1 Bc6 31. axb5 axb5 32. Ra1 Ra8 33. Rxa8 Bxa8 34. Bf1 Bc6 35. Bd3 Bd6 36. Qa2 Qb7 37. Qa5 Kg7 38. h4 h5 39. Bg5 f6 40. Bd2 Qc7 41. Qxc7+ Bxc7 42. Kg2 Kf7 43. f3 Bd7 44. Bc2 Bc6 45. g4 Bd6 46. Bd3 Bd7 47. gxh5 gxh5 48. f4 f5 49. Kg3 Ke7 50. Kf3 Kd8 51. Ke3 Kc7 52. Be2 Be8 53. Bd1 Kb6 54. Kd3 Be7 55. Be1 Bd6 56. Ke3 Be7 57. Bb3 Bf7 58. Ba2 Bd6 59. Bb1 Be6 60. Bd3 Be7 61. Kf3 Bd6 62. Be2 Bf7 63. Ke3 Be7 64. Bf3 Bd6 65. Bd1 Be7 66. Bc2 Be6 1/2-1/2

[Event "Jaffna op"]
[Site "Jaffna"]
[Date "2023.12.11"]
[Round "7"]
[White "Sathsindu, WM Minura"]
[Black "Liyanage, Pesandu Rashmitha"]
[Result "1/2-1/2"]
[WhiteElo "1542"]
[BlackElo "1766"]
[PlyCount "125"]
[EventDate "2023.12.08"]
[EventType "swiss"]
[EventRounds "10"]
[EventCountry "SRI"]
[SourceTitle "CB51_2023"]
[SourceDate "2023.12.20"]
[SourceVersion "1"]
[SourceVersionDate "2023.12.20"]
[SourceQuality "1"]

1. Nf3 Nf6 2. g3 g6 3. Bg2 Bg7 4. 0-0 0-0 5. d3 d6 6. Nbd2 e5 7. e4 Ng4 8. c3 f5 9. Re1 f4 10. Nf1 g5 11. Qc2 h5 12. d4 Nh6 13. dxe5 g4 14. Nh4 f3 15. Bh1 dxe5 16. Ne3 Be6 17. Nef5 Nxf5 18. exf5 Bf7 19. h3 Nd7 20. hxg4 hxg4 21. Qa4 Bh5 22. Be3 Nb6 23. Bxb6 axb6 24. Qc4+ Kh7 25. Ng6 Rxf5 26. Nh4 Rf7 27. Re4 Qd7 28. Rae1 Bf6 29. Rxe5 Bxe5 30. Rxe5 Ra5 31. Qe4+ Kg7 32. Rxa5 bxa5 33. Qe5+ Kf8 34. Qxh5 Qd1+ 35. Kh2 Qe2 36. Qc5+ Ke8 37. b4 axb4 38. cxb4 c6 39. a4 Kd8 40. b5 cxb5 41. axb5 Qe6 42. b6 Qc6 43. Qd4+ Qd7 44. Qh8+ Ke7 45. Qe5+ Kd8 46. Qb8+ Qc8 47. Qd6+ Ke8 48. Qe5+ Re7 49. Qh5+ Kd8 50. Qd5+ Qd7 51. Qg8+ Re8 52. Qg5+ Kc8 53. Qa5 Qc6 54. Qf5+ Qe6 55. Qc5+ Kb8 56. Qc7+ Ka8 57. Qc5 Qe4 58. Qa5+ Kb8 59. Qc5 Qc6 60. Qd4 Qe4 61. Qd6+ Ka8 62. Qa3+ Kb8 63. Qd6+ 1/2-1/2

[Event "Western Asia-ch U20"]
[Site "Colombo"]
[Date "2023.12.03"]
[Round "7"]
[White "Dissanayake, RKT"]
[Black "Sathsindu, WM Minura"]
[Result "1-0"]
[WhiteElo "1865"]
[BlackElo "1542"]
[PlyCount "119"]
[EventDate "2023.11.30"]
[EventType "swiss"]
[EventRounds "9"]
[EventCountry "SRI"]
[SourceTitle "CB50_2023"]
[SourceDate "2023.12.13"]
[SourceVersion "1"]
[SourceVersionDate "2023.12.13"]
[SourceQuality "1"]

1. e4 c5 2. Nf3 d6 3. d4 cxd4 4. Nxd4 Nf6 5. Nc3 g6 6. Be3 Bg7 7. f3 Nc6 8. Qd2 0-0 9. Bc4 Nxd4 10. Bxd4 Be6 11. Bb3 a6 12. 0-0-0 b5 13. h4 Rc8 14. h5 Bc4 15. g4 Qa5 16. Kb1 Rfd8 17. hxg6 hxg6 18. Qh2 Kf8 19. Nd5 Bxd5 20. Bxd5 e5 21. Be3 Ke7 22. Qf2 Nxd5 23. Rxd5 Rh8 24. Rhd1 Rc6 25. c3 Qc7 26. f4 exf4 27. Bxf4 Be5 28. Bxe5 dxe5 29. Rd7+ Qxd7 30. Rxd7+ Kxd7 31. Qxf7+ Kc8 32. Qg7 Re8 33. Kc2 Ree6 34. Kb3 Rc7 35. Qg8+ Kd7 36. Qf7+ Kd6 37. Qf8+ Kd7 38. g5 Rc4 39. Qf7+ Kd6 40. Qb7 Rc6 41. a4 bxa4+ 42. Kxa4 Re7 43. Qb8+ Kd7 44. Kb3 Rc7 45. Qg8 Re6 46. Kc2 Rcc6 47. Qf7+ Kd6 48. b4 Rc7 49. Qf8+ Kd7 50. Kb3 Rcc6 51. Qf7+ Re7 52. Qg8 Ree6 53. c4 Kc7 54. Qf7+ Kb8 55. c5 Kc8 56. Kc4 Kd8 57. Kd5 Re7 58. Qxe7+ Kc8 59. Kc4 Rd6 60. cxd6 1-0

[Event "Western Asia-ch U20"]
[Site "Colombo"]
[Date "2023.11.30"]
[Round "1"]
[White "Sathsindu, WM Minura"]
[Black "Raahul, VS."]
[Result "0-1"]
[WhiteElo "1542"]
[BlackElo "2350"]
[PlyCount "98"]
[EventDate "2023.11.30"]
[EventType "swiss"]
[EventRounds "9"]
[EventCountry "SRI"]
[SourceTitle "CB50_2023"]
[SourceDate "2023.12.13"]
[SourceVersion "1"]
[SourceVersionDate "2023.12.13"]
[SourceQuality "1"]

1. d4 d5 2. Nf3 Nf6 3. c4 e6 4. g3 Nbd7 5. Qc2 dxc4 6. Bg2 Rb8 7. Qxc4 c5 8. 0-0 b5 9. Qc2 Bb7 10. dxc5 Bxc5 11. Bg5 Qb6 12. Nc3 Ng4 13. Nd1 h6 14. Bd2 Rc8 15. Qb1 b4 16. h3 Ngf6 17. Ne3 Ne4 18. Qe1 Nxg3 19. fxg3 Bxe3+ 20. Bxe3 Qxe3+ 21. Qf2 Qxf2+ 22. Kxf2 Nf6 23. Rfc1 0-0 24. Ne5 Bxg2 25. Kxg2 Rcd8 26. Rc2 Rd5 27. Nc6 Rg5 28. Kf3 a5 29. Rd1 Rf5+ 30. Kg2 Kh7 31. Rf1 Rd5 32. Rf3 Rc8 33. Rd3 Rb5 34. b3 Ne4 35. Nxb4 Rbc5 36. Rxc5 Nxc5 37. Rd4 e5 38. Rc4 axb4 39. Rxb4 Ne6 40. a4 Rc2 41. Re4 f6 42. Kf1 Nd4 43. b4 Rb2 44. b5 Rb4 45. e3 Rb1+ 46. Kf2 Rb2+ 47. Ke1 f5 48. exd4 fxe4 49. d5 Kg6 0-1